000
00340nam a2200157Ia 4500
100
_a
a
650
_a
Turner
942
_c
BK
654
_a
Turner-Second Year-Trade Theory
245
_a
Turner-Second Year-Trade Theory
260
_b
CIMI-Chennai
_a
Chennai
082
_a
621.9
_b
CIMI
300
_a
175
546
_a
ENGLISH
999
_c
17889
_d
17889